[Event "Philadelphia int op 11th"]
[Site "Philadelphia"]
[Date "2017.06.26"]
[Round "5"]
[White "Hu, Pinyi"]
[Black "Guo, Arthur"]
[Result "0-1"]
[WhiteElo "1649"]
[BlackElo "2122"]
[PlyCount "74"]
[EventDate "2017.06.24"]
[EventType "swiss"]
[EventRounds "9"]
[EventCountry "USA"]
[SourceTitle "CBM 179 Extra"]
[Source "ChessBase"]
[SourceDate "2017.08.23"]
[SourceVersion "1"]
[SourceVersionDate "2017.08.23"]
[SourceQuality "1"]

1. d4 Nf6 2. c4 e6 3. Nf3 Bb4+ 4. Bd2 Qe7 5. g3 0-0 6. Bg2 Bxd2+ 7. Qxd2 d6 8. Nc3 e5 9. dxe5 dxe5 10. Nd5 Nxd5 11. cxd5 Nd7 12. e4 Nf6 13. Qc2 Bd7 14. 0-0 c6 15. Rfe1 Rfe8 16. Rad1 cxd5 17. exd5 Qd6 18. Ng5 g6 19. Rc1 Rac8 20. Qb3 b6 21. Red1 Rxc1 22. Rxc1 e4 23. Re1 Bf5 24. Qc4 Qc5 25. Qa4 Qxd5 26. Qxa7 h6 27. Nh3 Qd2 28. Rf1 Qxb2 29. Qa4 Qe5 30. Nf4 Rd8 31. Ne2 Rd2 32. Nc1 e3 33. f4 Rxg2+ 34. Kxg2 Qb2+ 35. Kf3 Qd2 36. g4 Bxg4+ 37. Kg3 Nh5+ 0-1

[Event "Philadelphia int op 11th"]
[Site "Philadelphia"]
[Date "2017.06.25"]
[Round "3"]
[White "Obiamiwe, Paul"]
[Black "Hu, Pinyi"]
[Result "0-1"]
[WhiteElo "1932"]
[BlackElo "1649"]
[PlyCount "102"]
[EventDate "2017.06.24"]
[EventType "swiss"]
[EventRounds "9"]
[EventCountry "USA"]
[SourceTitle "CBM 179 Extra"]
[Source "ChessBase"]
[SourceDate "2017.08.23"]
[SourceVersion "1"]
[SourceVersionDate "2017.08.23"]
[SourceQuality "1"]

1. Nf3 d5 2. d4 Nf6 3. c4 dxc4 4. Qc2 a6 5. Qxc4 b5 6. Qc2 Bb7 7. Nbd2 e6 8. e3 Nbd7 9. Nb3 Rc8 10. Nc5 Nxc5 11. dxc5 Bxf3 12. gxf3 Qd5 13. b4 Qxf3 14. Rg1 g6 15. Bg2 Qf5 16. Qxf5 exf5 17. Bc6+ Ke7 18. Bb2 Bg7 19. Bb7 Rb8 20. Bc6 Ne8 21. Bxg7 Nxg7 22. Rd1 Rhd8 23. Ke2 Ne6 24. Rxd8 Nxd8 25. Bd5 c6 26. Bf3 Rb7 27. Ra1 f6 28. a4 Rc7 29. axb5 axb5 30. Ra6 Kd7 31. Ra2 Ke6 32. Ra6 g5 33. h3 Kd7 34. Ra2 Ke6 35. Ra8 Kd7 36. Kd2 Rc8 37. Ra6 Nf7 38. Bd1 Ne5 39. Bc2 Ke6 40. Bb3+ Kd7 41. Ra7+ Rc7 42. Be6+ Kd8 43. Ra8+ Ke7 44. Bxf5 h6 45. Rh8 Nf7 46. Rh7 Kf8 47. Be6 Re7 48. Bxf7 Rxf7 49. Rxh6 Kg7 50. Rh5 Rf8 51. f4 Kg6 0-1